| 000 | 00641 a2200181 4500 | ||
|---|---|---|---|
| 003 | Nust | ||
| 005 | 20170207153218.0 | ||
| 040 | _cNust | ||
| 082 | _a621.382 | ||
| 100 | _aNoori, Khalida (MSEE-10) | ||
| 245 |
_aA layered structure MIMO OFDM system with channel equalization _cKhalida Noori |
||
| 260 |
_bMCS, NUST _c2006 _aRawalpindi |
||
| 300 | _aix,52, p.; | ||
| 505 | _aIntroduction (page-1) MIMO OFDM system (page-5) Equalization (page-13) Layered structure (page-24) Implementation and analysis of results (page-31) Conclusion and future work (page-46). | ||
| 538 | _aAlmirah No 69 Shelf No 1 | ||
| 650 | _aMS Thesis | ||
| 651 | _aMSEE-10 | ||
| 942 | _cTHS | ||
| 999 |
_c181693 _d181693 |
||